Statistics for Religion General Knowledge #3

Click here to take the quiz!

General Stats

  • This quiz has been taken 29,127 times
  • The average score is 12 of 20

Answer Stats

Question Answer % Correct
What is the Islamic equivalent to the Bible?Quran
97%
What is Islam's holiest city?Mecca
89%
What is the name of the Jewish coming-of-age ceremony?Bar or Bat Mitzvah
77%
What is Siddhartha Gautama better known as?Buddha
74%
What Arabic word means "struggle" but is often interpreted as "holy war"?Jihad
73%
Ganesh is depicted as having the head of what type of animal?Elephant
64%
What religious group places a great importance on wearing the turban?Sikh
62%
What A word refers to a person who is a member of the Church of England?Anglican
61%
What Jewish king is credited with building the first temple of Jerusalem?Solomon
60%
What Jewish relic contained the tablets
on which the Ten Commandments were written?
Ark of the Covenant
57%
What is the name of the vast hall, ruled by Odin, where half of those who
die in battle go to wait for Ragnarok?
Valhalla
56%
On what island chain did people once worship a volcano goddess named Pele?Hawaii
55%
What name refers to a priest in ancient Celtic religions?Druid
53%
Who founded the Mormon church?Joseph Smith
53%
What is the largest Protestant denomination in the United States?Southern Baptist
52%
What was the food of the Greek gods?Ambrosia
45%
On what body of water did Jesus walk?Sea of Galilee
44%
In what religion can you become an "Operating Thetan"?Scientology
40%
What is the top caste in Hindu society?Brahmins
35%
Who is the highest-ranking clergyman of the Eastern Orthodox church?{Patriarch} of Constantinople
20%

Score Distribution

Percentile by Number Answered

Percent of People with Each Score

Your Score History

You have not taken this quiz